Statistical yearbook of the Netherlands 1985

Salvato in:
Dettagli Bibliografici
Natura: Libro
Lingua:inglese
Pubblicazione: Hague Staatsuitgeverij 1986
Tags: Aggiungi Tag
Nessun Tag, puoi essere il primo ad aggiungerne!!

MARC

LEADER 00000nam a2200000 4500
001 c103423
005 20041019155129.3
041 0 |a eng 
044 |a NL 
245 1 0 |a Statistical yearbook of the Netherlands 1985 
264 1 |a Hague  |b Staatsuitgeverij  |c 1986 
300 |a 429 s.